Inorganic Chemistry (Record no. 17021)
[ view plain ]
| 000 -LEADER | |
|---|---|
| fixed length control field | 00282nam a22001217a 4500 |
| 008 - FIXED-LENGTH DATA ELEMENTS--GENERAL INFORMATION | |
| fixed length control field | 140219t xxu||||| |||| 00| 0 eng d |
| 020 ## - INTERNATIONAL STANDARD BOOK NUMBER | |
| International Standard Book Number | 0-19-568523-7 |
| 100 ## - MAIN ENTRY--PERSONAL NAME | |
| Personal name | Peter atkins |
| 9 (RLIN) | 764 |
| 240 ## - UNIFORM TITLE | |
| Uniform title | Shriver & atkins |
| 245 ## - TITLE STATEMENT | |
| Title | Inorganic Chemistry |
| 300 ## - PHYSICAL DESCRIPTION | |
| Extent | 822 |
| 942 ## - ADDED ENTRY ELEMENTS (KOHA) | |
| Source of classification or shelving scheme | |
| Koha item type | Book |
| Withdrawn status | Lost status | Source of classification or shelving scheme | Damaged status | Not for loan | Permanent Location | Current Location | Date acquired | Total Checkouts | Full call number | Barcode | Date last seen | Price effective from | Koha item type | Collection code |
|---|---|---|---|---|---|---|---|---|---|---|---|---|---|---|
| Atta-ur-Rahman School of Applied Biosciences (ASAB) | Atta-ur-Rahman School of Applied Biosciences (ASAB) | 02/19/2014 | 546.1 ATK | ASAB16 | 02/19/2014 | 02/19/2014 | Book | |||||||
| Atta-ur-Rahman School of Applied Biosciences (ASAB) | Atta-ur-Rahman School of Applied Biosciences (ASAB) | 02/19/2014 | 546.1 ATK | ASAB15 | 02/19/2014 | 02/19/2014 | Book | |||||||
| Atta-ur-Rahman School of Applied Biosciences (ASAB) | Atta-ur-Rahman School of Applied Biosciences (ASAB) | 02/19/2014 | 546.1 ATK | ASAB440 | 02/19/2014 | 02/19/2014 | Book | |||||||
| Atta-ur-Rahman School of Applied Biosciences (ASAB) | Atta-ur-Rahman School of Applied Biosciences (ASAB) | 02/19/2014 | 546.1 ATK | ASAB18 | 02/19/2014 | 02/19/2014 | Book |
